000 00625cam a22002054a 4500
001 12881063
005 20241129162435.0
008 020802s2003 njua b 001 0 eng
020 _a0131000691
020 _a9780131000698
050 0 0 _aHD58.7
_b.R62 2003
082 0 0 _a658.3
_221
100 1 _aRobbins, Stephen P.,
_d1943-
245 1 0 _aOrganizational behavior /
_cStephen P. Robbins.
250 _a10th ed.
260 _aUpper Saddle River, NJ :
_bPrentice Hall,
_cc2003.
300 _axxix, 675 p. :
_bcol. ill. ;
_c26 cm. +
_e1 CD-ROM (4 3/4 in.)
650 0 _aOrganizational behavior.
942 _2lcc
_cBK
_e10th Ed.
_n0
999 _c1774
_d1774